Philippine Daily Inquirer

Detalles Bibliográficos
Formato: eBook
Lenguaje:inglés
Publicado: Pakistǹ AsiaNet Pakistan (Pvt) Ltd. 2014
Materias:
Acceso en línea:Acceso restringido

MARC

LEADER 00000nam a22000007a 4500
005 20151203131150.0
007 cr|||| ||u|
008 151203s20149999pk d||nos|||| 0||| 1eng d
035 |a 11750 
040 |a vLex 
090 |c 5731  |d 5731 
245 1 0 |a Philippine Daily Inquirer  |h [Recurso electrn̤ico] /  |c AsiaNet Pakistan (Pvt) Ltd. 
256 |a Servicio en ln̕ea  
260 |a Pakistǹ  |b AsiaNet Pakistan (Pvt) Ltd.  |c 2014 
300 |a 1 recurso electrn̤ico  
310 |a Diaria 
506 1 0 |a Contenido solo disponible en los productos disponibles   |d vLex Global  |d vLex Global (Academic Edition, excluding Law Schools)  |d vLex Global (U.S. Academic Edition, Law Schools)  |d vLex Global (U.S. Academic Edition, excluding Law Schools)  |d vLex Global (Academic Edition, Law Schools) 
650 0 4 |a Negocios   |z Pakistǹ 
740 0 |a vLex revista (servicio en ln̕ea) 
856 4 0 |u http://vlex.com/source/philippine-daily-inquirer-11750/section/001  |z Acceso restringido  
942 |c REV 
999 0 |a Business